Largest US Cities Where the Closest Capital is not Their Own - Statistics

General Stats
  • This quiz has been taken 66 times
  • The average score is 11 of 15
Answer Stats
Closest State Capital Distance to closest capital City % Correct
Trenton 52.6 New York City
98%
Madison 121.4 Chicago
93%
Phoenix 355.5 Los Angeles
93%
Trenton 27.9 Philadelphia
93%
Phoenix 255.4 Las Vegas
88%
Phoenix 297.5 San Diego
88%
Topeka 59.1 Kansas City, MO
85%
Santa Fe 272.7 El Paso
82%
Columbia 85 Charlotte
80%
Little Rock 129.7 Memphis
70%
Phoenix 305.5 Riverside
68%
Phoenix 335.5 Anaheim
53%
Phoenix 351.6 Long Beach
53%
Phoenix 333 Santa Ana
35%
Phoenix 242.1 Henderson
25%
No matching quizzes found
Score Distribution
Percent of People with Each Score
Percentile by Number Answered
Your Score History
You have not taken this quiz